MDQL
is popping MORE tags! Check the
thread
!
Quizzes
Events
Quiz Creation
Community
Videos
Private Events
Remove Ads
Sign In
Join for FREE
Feedback
Dark Mode
Quiz Categories
Sports
Geography
Music
Movies
Television
Just For Fun
Miscellaneous
History
Literature
Language
Science
Gaming
Entertainment
Religion
Holiday
For Kids
Quiz Lab
Recent
Popular Today
Quiz Kudos Today
Editor Picks
Curator Picks
Quizzes by...
Day
Popularity
Type
Ratings
Length
Year
Community
Subscriptions
Recent Discussions
Orange Saloon
Badges
Playlists
Quests
Create
Leaderboards
Showdown
Live 5
Trivia Bingo
Activity
Puzzle Library
Sporcle Events
Private Events
Virtual Trivia
Globe League
Become a Host
Pub Owners
SporcleCon
Opinionation
Our Games
Videos
Blog
Mobile Apps
Partnerships
Remove Ads and Go Orange
Feedback
Music
Pop Music
The Beatles
Song
Album
Lyrics
Bands
Singers
Artist
Clip
Rock
Rap
Classical
Billboard
Country Music
Kpop
Taylor Swift
Music
Pop Music
The Beatles
Song
Album
Lyrics
Bands
Singers
Artist
Clip
Rock
Rap
Classical
Billboard
Country Music
Kpop
Taylor Swift
Random Quiz
Search Sporcle
×
Quiz Lab
Quiz Lab
Music
Kpop
Select answers by clicking on text or image buttons
Select answers by clicking on text or image buttons
Clickable
Best Score? Go Orange.
Kpop groups by number of members (2017) Stats
4 to 10 members groups. Do you know them all?
5m
28 Questions
5,391 Plays
5,391 Plays
5,391 Plays
Comments
Comments
Give Quiz Kudos
Give Quiz Kudos
-
- Ratings
hide this ad
Forced Order
Answers have to be entered in order
Answers have to be entered in order
Replay
Link that replays current quiz
Next Quiz
Link to next quiz in quiz playlist
You Got
0%
They Got
Avg Score
58%
Avg Friend Score
Upgrade to see
Score Distribution
Jump to the score distribution portion of the page
Score
0/28
Timer
05:00
0
Plays Today
% Correct
Blackpink
89.6%
K.A.R.D
87.4%
f(x)
80.3%
Mamamoo
76.6%
SHINee
74.5%
BIGBANG
74.2%
Red Velvet
73.6%
EXID
69.9%
Girl's Day
65.9%
2AM
64.7%
CNBLUE
62.6%
Monsta X
60.8%
iKON
60.8%
Apink
59.8%
% Correct
B.A.P
58.3%
B1A4
55.9%
BtoB
55.5%
2PM
54.7%
Twice
54.2%
EXO
52.1%
Highlight
47.9%
Up10tion
47.4%
SNSD
46.1%
Boyfriend
42.8%
Lovelyz
38.9%
Super Junior-M
34.8%
Teen Top (Original line-up)
28.7%
Madtown
25.9%
Quiz Playlist
Details
Report
Send in Message
Add To Playlist
Clickable:
Select answers by clicking on text or image buttons
Forced Order:
Answers have to be entered in order
Last Updated: Aug 14, 2017
Quiz Scoreboard
CHALLENGE
Sign Up to Join the Scoreboard
Show All
Scores
Hide
Comments
May contain spoilers
Recently Published
Colored Red Africa Blitz
by spor1
Geography
30s
Find the 'City' Movie
by crazypaving
Movies
60s
5x2 Blitz: Bands
by SL_Kpop136
Music
30s
More to Explore
Quiz From the Vault
Featured Blog Post
14 Easter Pick-up Lines to Find Eggs With
hide this ad
You Might Also Like...
Tags
Kpop Quiz
Kpop Idol
Kpop Quiz
Today's Top Quizzes in Music
Browse Music
hide this ad
Today's Top Quizzes in Kpop
Browse Kpop
Top Contributed Quizzes in Music
1
5X2 Blitz: Bands II
2
Taylor Swift All Songs (2024)
3
Taylor Swift Logic Puzzle II
4
5X2 Blitz: The Beatles
5
5X2 Blitz: Billboard
6
Taylor Swift Logic Puzzle
7
5X2 Blitz: Billboard II
8
5X2 Blitz: Album
9
5X2 Blitz: Singers
10
Music Artist by Three 2010s hits
Explore More
Trending Topics
Marvel
NBA
Crossword
Kpop
Disney
Anime
Harry Potter
Soccer
NFL
Pokémon
The Office
Song
WWE
Country
Puzzle
hide this ad
Score Distribution
Popular Quizzes Today
1
Colored Red Africa Blitz
2
Find the 'City' Movie
3
Find the US States - No Outlines Minefield
4
5x2 Blitz: Bands
5
The Countries of the World
6
Find the US States
7
US States
8
9x9 Crossword: Cartoon Network
More Music Quizzes
TinyGrid: Simon & Garfunkel (and Paul Simon) Singles
Curator's Pick
Trending Quizzes
Colored Red Europe Blitz I
Colored Red Europe Blitz II
Colored Red Africa Blitz II
Colored Red Africa Blitz III
Colored Red Europe Blitz III
Recently Updated
Godzilla Movies
pecheneg
Grab Bag: 4-10 Letters
pecheneg
2024 March Madness Bracket
pecheneg
Famous TV Couples
Peacemaker
Champions League XIs: Real Madrid
pecheneg
Largest US Cities 1790-2010
pecheneg
Rides in Walt Disney World
pecheneg
Most Oscar Losses (Acting)
pecheneg
Beyoncé Albums
pecheneg
Leaping Animals
pecheneg
Trending Topics
Kpop
Anime
Harry Potter
Disney
Crossword
Marvel
NBA
Song
Country
Soccer
NFL
Puzzle
The Office
Pokémon
WWE
Your Account Isn't Verified!
In order to create a playlist on Sporcle, you need to verify the email address you used during registration. Go to your
Sporcle Settings
to finish the process.
Report this User
Report this user for behavior that violates our
Community Guidelines
.
Details:
Send Report
Go to the Sporcle.com Mobile Site →
Comments